000 00341nam a2200109Ia 4500
008 200302s9999 xx 000 0 und d
100 _aWeben Einhillen Pragen
245 _aCaruso St John Architects-Knitting Weaving Wrapping pressing sticken Weben einhutlen Pragen
260 _bBirkhauser Publications, Basel
260 _c2002
300 _a96
999 _c4610
_d4610